书目信息 |
| 题名: |
市场营销案例荟萃
|
|
| 作者: | 叶万春 , 宋先道 主编 | |
| 分册: | ||
| 出版信息: | 武汉 武汉工业大学出版社 1999.1 |
|
| 页数: | 283页 | |
| 开本: | 20cm | |
| 丛书名: | ||
| 单 册: | ||
| 中图分类: | F713.50 | |
| 科图分类: | ||
| 主题词: | 商业经济--国内 | |
| 电子资源: | ||
| ISBN: | 7-5629-1441-9 | |
| 000 | 00634nam0 2200205 45 | |
| 001 | 0260557870 | |
| 005 | 2002040816491700 | |
| 010 | @a7-5629-1441-9@dRMB 12.50 | |
| 100 | @a20020408d1999 km y0chiy0120 ea | |
| 101 | 0 | @achi |
| 102 | @aCN@b420000 | |
| 200 | 1 | @a市场营销案例荟萃@Ashi chang ying xiao an li hui cui@f叶万春,宋先道主编@FYe Wan Chun,Song Xian Dao Zhu Bian |
| 210 | @a武汉@c武汉工业大学出版社@d1999.1 | |
| 215 | @a283页@d20cm | |
| 606 | 0 | @a商业经济@x国内 |
| 690 | @aF713.50@v3 | |
| 701 | 0 | @a叶万春@AYe Wan Chun@4主编 |
| 701 | 0 | @a宋先道@ASong Xian Dao@4主编 |
| 801 | 0 | @aCN@bPFT@c20020408 |
| 905 | @a10447@dF713.50@eY456 | |
| 市场营销案例荟萃/叶万春,宋先道主编.-武汉:武汉工业大学出版社,1999.1 |
| 283页;20cm |
| ISBN 7-5629-1441-9:RMB 12.50 |
| ● |
| 相关链接 |
|
|
|
正题名:市场营销案例荟萃
索取号:F713.50/Y456
 
预约/预借
| 序号 | 登录号 | 条形码 | 馆藏地/架位号 | 状态 | 备注 |
| 1 | 356035 | 203560351 | 社科库409/201建筑库 107排7列5层/ [索取号:F713.50/Y456] | 在馆 | |
| 2 | 356036 | 203560360 | 社科库409/409社科库 43排7列4层/ [索取号:F713.50/Y456] | 在馆 | |
| 3 | 356037 | 203560379 | 社科库409/409社科库 43排7列4层/ [索取号:F713.50/Y456] | 在馆 | |
| 4 | 362646 | 203626460 | 社科库409/ [索取号:F713.50/Y456] | 在馆 |